000 00580nam a2200193 i 4500
001 42167
003 ES-MaACL
005 20250814063211.0
007 t|
008 030312s1984 sp ||||1| spa d
100 1 _aCastilla del Pino, Carlos,
_d1922-2009
_936651
245 1 0 _aEstudios de psico(pato)logĂ­a sexual /
_cCarlos Castilla del Pino.
260 _aMadrid :
_bAlianza,
_c[1984]
300 _a143 p. ;
_c18 cm.
490 1 _ael libro de bolsillo
830 0 3 _aEl libro de bolsillo
_9177802
852 _aES-MaACL
_jL-7936
_bR.107073
999 _c42167
_d42167